Fundementals of corporate finance / (Record no. 10637)
[ view plain ]
| 000 -LEADER | |
|---|---|
| fixed length control field | 00887cam a22002412 4500 |
| 001 - CONTROL NUMBER | |
| control field | 0000003021 |
| 005 - DATE AND TIME OF LATEST TRANSACTION | |
| control field | 20151217154336.0 |
| 008 - FIXED-LENGTH DATA ELEMENTS--GENERAL INFORMATION | |
| fixed length control field | 070426s xx 000 0 eng d |
| 040 ## - CATALOGING SOURCE | |
| Original cataloging agency | KABU |
| Transcribing agency | KABU |
| 050 #0 - LIBRARY OF CONGRESS CALL NUMBER | |
| Classification number | HG4026 |
| Item number | .R67 2000 |
| 100 1# - MAIN ENTRY--PERSONAL NAME | |
| Personal name | Ross, Stephen A. |
| -- | 0000152585 |
| 245 10 - TITLE STATEMENT | |
| Title | Fundementals of corporate finance / |
| Statement of responsibility, etc. | Stephen A. Ross, Randolph W. Westerfield, Brandford D. Jordan. |
| 250 ## - EDITION STATEMENT | |
| Edition statement | 5th ed. |
| 260 ## - PUBLICATION, DISTRIBUTION, ETC. (IMPRINT) | |
| Place of publication, distribution, etc. | Boston, Massachusetts : |
| Name of publisher, distributor, etc. | Irwin/McGraw-Hill, |
| Date of publication, distribution, etc. | c2000. |
| 300 ## - PHYSICAL DESCRIPTION | |
| Extent | 1 v. (various pagings) ; |
| Dimensions | 26 cm + |
| Accompanying material | 1 computer laser optical disc (4 3/4 in. ) |
| 650 #0 - SUBJECT ADDED ENTRY--TOPICAL TERM | |
| Topical term or geographic name as entry element | Corporations |
| General subdivision | Finance. |
| -- | 0000007704 |
| 700 1# - ADDED ENTRY--PERSONAL NAME | |
| Personal name | Westerfield, Randolph. |
| -- | 0000152588 |
| 700 1# - ADDED ENTRY--PERSONAL NAME | |
| Personal name | Jordan, Bradford D. |
| -- | 0000152587 |
| 908 ## - PUT COMMAND PARAMETER (RLIN) | |
| Put command parameter | 070426 |
| 950 ## - LOCAL HOLDINGS (RLIN) | |
| -- | 1 |
| Withdrawn status | Lost status | Source of classification or shelving scheme | Not for loan | Home library | Current library | Date acquired | Total Checkouts | Full call number | Barcode | Date last seen | Date last checked out | Price effective from | Koha item type |
|---|---|---|---|---|---|---|---|---|---|---|---|---|---|
| Library of Congress Classification | Kabarak, Main Campus | Kabarak, Main Campus | 17/12/2015 | 1 | HG4026 .R67 2000 | 006977 | 02/06/2021 | 28/05/2021 | 17/12/2015 | General Collection | |||
| Library of Congress Classification | Kabarak, Main Campus | Kabarak, Main Campus | 17/12/2015 | HG4026 .R67 2000 | 006978 | 17/12/2015 | 17/12/2015 | General Collection |